| 000 | 00702cab a2200217 4500 | ||
|---|---|---|---|
| 001 | WB3226-02 | ||
| 008 | 090401t1996 xxu||||| |||| 00| 0 eng d | ||
| 035 | _a(Sirsi) u44717 | ||
| 041 | _aeng | ||
| 245 | _aManchester to get £21m to rebuild | ||
| 260 | _c1996 | ||
| 350 | _a0 | ||
| 490 |
_aFinancial Times _v4 July 1996, 28(1) |
||
| 520 | _aFollowing the bombing, Manchester city centre is to get £21m to help with reconstruction and development. Most of this funding will come from reallocating European Union regional aid. | ||
| 650 | _aBOMB DAMAGE | ||
| 650 | _aEUROPEAN UNION REGIONAL AID | ||
| 650 | _aMANCHESTER | ||
| 690 | _aBUILT ENVIRONMENT | ||
| 942 | _n0 | ||
| 948 | _c04/03/1997 | ||
| 999 |
_c28415 _d28415 |
||